[Event "Solta op 5th"]
[Site "Grohote"]
[Date "2022.07.04"]
[Round "4"]
[White "Kostov, Kiril"]
[Black "Bartel, Michal"]
[Result "0-1"]
[WhiteElo "2010"]
[BlackElo "2195"]
[PlyCount "92"]
[EventDate "2022.07.02"]
[EventType "swiss"]
[EventRounds "9"]
[EventCountry "CRO"]
[SourceTitle "EXT 2023"]
[Source "ChessBase"]
[SourceDate "2022.10.05"]
[SourceVersion "1"]
[SourceVersionDate "2022.10.05"]
[SourceQuality "1"]

1. e4 e5 2. Nf3 Nc6 3. d4 exd4 4. Nxd4 Bc5 5. Nxc6 Qf6 6. Qf3 Qxf3 7. gxf3 bxc6 8. Be3 Bxe3 9. fxe3 d6 10. Nd2 Ne7 11. Rg1 0-0 12. 0-0-0 f5 13. exf5 Bxf5 14. Bc4+ Kh8 15. Rg5 Rf6 16. Rdg1 Rg6 17. Bd3 Bxd3 18. cxd3 Rxg5 19. Rxg5 Nd5 20. Nc4 h6 21. Rh5 Kh7 22. Kd2 g5 23. Rh3 c5 24. Rg3 Nb4 25. a3 Nc6 26. e4 Rf8 27. Ke3 Nd4 28. b4 Re8 29. Rh3 Kg6 30. bxc5 dxc5 31. Kd2 h5 32. Kd1 Re6 33. Ne3 Rf6 34. Nd5 Rf7 35. e5 Rxf3 36. Rxf3 Nxf3 37. e6 Nxh2 38. Nxc7 Kf6 39. Nb5 g4 40. Nxa7 h4 41. a4 g3 42. Ke2 h3 43. Nc6 Kxe6 44. Nd8+ Kf6 45. a5 g2 46. Kf2 Nf3 0-1

[Event "EU-ch Schools U15"]
[Site "Rhodes"]
[Date "2022.04.29"]
[Round "7"]
[White "Tarhan, Adar"]
[Black "Kostov, Kiril"]
[Result "1-0"]
[WhiteElo "2314"]
[BlackElo "2056"]
[PlyCount "73"]
[EventDate "2022.04.21"]
[EventType "swiss"]
[EventRounds "9"]
[EventCountry "GRE"]
[SourceTitle "CBM 208 Extra"]
[Source "ChessBase"]
[SourceDate "2022.07.31"]
[SourceVersion "1"]
[SourceVersionDate "2022.07.31"]
[SourceQuality "1"]

1. e4 c5 2. Nf3 d6 3. d4 cxd4 4. Nxd4 Nf6 5. Nc3 a6 6. h3 e6 7. g4 b5 8. Bg2 Bb7 9. g5 Nfd7 10. Be3 Nb6 11. b3 N8d7 12. Nce2 Rc8 13. 0-0 d5 14. Ng3 dxe4 15. Nxe4 Nd5 16. Qg4 Qb6 17. Rad1 Be7 18. Qg3 Nxe3 19. fxe3 Nc5 20. Nxc5 Bxc5 21. g6 hxg6 22. Bxb7 Qxb7 23. Nxe6 Qe7 24. Rd5 Bxe3+ 25. Qxe3 fxe6 26. Re5 Rc6 27. Qe4 Qd7 28. Qxg6+ Kd8 29. Re3 Qd4 30. Qg5+ Kc8 31. Rf2 g6 32. Rd3 Qg7 33. Rfd2 Rf8 34. Rd8+ Kc7 35. Qg3+ e5 36. Qe3 Rcf6 37. Qa7+ 1-0

[Event "EU-ch Schools U15"]
[Site "Rhodes"]
[Date "2022.04.28"]
[Round "6"]
[White "Kovalskyi, Roman"]
[Black "Kostov, Kiril"]
[Result "1-0"]
[WhiteElo "1849"]
[BlackElo "2056"]
[PlyCount "159"]
[EventDate "2022.04.21"]
[EventType "swiss"]
[EventRounds "9"]
[EventCountry "GRE"]
[SourceTitle "CBM 208 Extra"]
[Source "ChessBase"]
[SourceDate "2022.07.31"]
[SourceVersion "1"]
[SourceVersionDate "2022.07.31"]
[SourceQuality "1"]

1. e4 c5 2. b3 g6 3. Bb2 Nf6 4. e5 Nd5 5. Qf3 Nb4 6. Na3 Bg7 7. e6 0-0 8. Bxg7 Kxg7 9. exf7 Rxf7 10. Qc3+ Rf6 11. Qxc5 N8c6 12. Nf3 d6 13. Qc3 Bf5 14. Nh4 Qa5 15. Nxf5+ Qxf5 16. f3 d5 17. Be2 d4 18. Qb2 Qc5 19. c3 Na6 20. b4 Qe5 21. Nc4 Qe6 22. b5 Nc5 23. Qb1 d3 24. Ne3 Ne5 25. Bd1 Nc4 26. Qc1 Rd8 27. 0-0 Nxe3 28. Re1 Qb6 29. Rxe3 Re6 30. c4 Kg8 31. Qc3 Rf8 32. Qd4 Rd6 33. Qh4 Re6 34. Rxe6 Qxe6 35. Bb3 Qb6 36. Qf2 Qf6 37. Re1 b6 38. Qe3 e6 39. Qe5 Qd8 40. Re3 Rf5 41. Qc3 Qd6 42. a3 Rf8 43. Ba2 Rd8 44. Qe5 Qxe5 45. Rxe5 Kf7 46. Kf2 Kf6 47. Re1 a6 48. Rc1 e5 49. Ke3 Ra8 50. Rc3 e4 51. fxe4 Re8 52. bxa6 Nxe4 53. Rc1 Nc5+ 54. Kd4 Rd8+ 55. Kc3 Nxa6 56. Bb1 Nc5 57. Rf1+ Ke5 58. Rf3 Ne4+ 59. Kb4 Nxd2 60. Rxd3 Rd4 61. Rxd4 Kxd4 62. Ba2 Ne4 63. a4 Nd6 64. Bb3 h6 65. g4 h5 66. g5 Nf7 67. h4 Nd6 68. Bc2 Nxc4 69. Bxg6 Nd6 70. Bxh5 Ke5 71. Be2 Kf4 72. g6 Ne8 73. Kb5 Kf5 74. h5 Kf6 75. Kxb6 Kg7 76. a5 Nd6 77. a6 Kh6 78. a7 Nc8+ 79. Kb7 Nxa7 80. Kxa7 1-0

[Event "EU-ch Schools U15"]
[Site "Rhodes"]
[Date "2022.04.25"]
[Round "4"]
[White "Portakalci, Yusuf"]
[Black "Kostov, Kiril"]
[Result "1/2-1/2"]
[WhiteElo "1805"]
[BlackElo "2056"]
[PlyCount "65"]
[EventDate "2022.04.21"]
[EventType "swiss"]
[EventRounds "9"]
[EventCountry "GRE"]
[SourceTitle "CBM 208 Extra"]
[Source "ChessBase"]
[SourceDate "2022.07.31"]
[SourceVersion "1"]
[SourceVersionDate "2022.07.31"]
[SourceQuality "1"]

1. d4 Nf6 2. c4 c5 3. Nf3 cxd4 4. Nxd4 e5 5. Nc2 d5 6. cxd5 Qxd5 7. Qxd5 Nxd5 8. e4 Nb4 9. Nba3 N8c6 10. Bc4 Be6 11. Bxe6 fxe6 12. 0-0 Bc5 13. Nxb4 Bxb4 14. Be3 Bxa3 15. bxa3 0-0 16. Rfd1 Rfd8 17. Kf1 Kf7 18. Rab1 b6 19. Rbc1 Rxd1+ 20. Rxd1 Rd8 21. Rxd8 Nxd8 22. Ke2 Ke8 23. Kd3 Kd7 24. Kc4 Kc6 25. a4 Nb7 26. f3 a5 27. Bf2 Nd6+ 28. Kb3 Nb7 29. Kc4 g6 30. h3 h5 31. h4 Nd6+ 32. Kb3 Nb7 33. Kc4 1/2-1/2

[Event "EU-ch Schools U15"]
[Site "Rhodes"]
[Date "2022.04.22"]
[Round "2"]
[White "Kostov, Kiril"]
[Black "Whelan, Joseph"]
[Result "1-0"]
[WhiteElo "2056"]
[BlackElo "1488"]
[PlyCount "63"]
[EventDate "2022.04.21"]
[EventType "swiss"]
[EventRounds "9"]
[EventCountry "GRE"]
[SourceTitle "CBM 208 Extra"]
[Source "ChessBase"]
[SourceDate "2022.07.31"]
[SourceVersion "1"]
[SourceVersionDate "2022.07.31"]
[SourceQuality "1"]

1. e4 e6 2. Nf3 Nc6 3. d4 d6 4. c3 Nf6 5. Bd3 e5 6. h3 exd4 7. cxd4 d5 8. e5 Ne4 9. a3 Bf5 10. Qc2 Be7 11. 0-0 Qd7 12. Nc3 0-0-0 13. Be3 Qe6 14. Nxe4 Bxe4 15. Bxe4 dxe4 16. Qxe4 f5 17. Qc2 Rhg8 18. Rac1 g5 19. d5 Rxd5 20. Nd4 Qxe5 21. Nxc6 bxc6 22. Qxc6 Bd6 23. Rfd1 Qh2+ 24. Kf1 Rxd1+ 25. Rxd1 Rd8 26. Bxg5 Rf8 27. f4 Rf6 28. Bxf6 Qxf4+ 29. Qf3 Qc4+ 30. Kg1 Qe6 31. Bc3 Qg6 32. Bb4 1-0

[Event "Arco op 42nd"]
[Site "Arco"]
[Date "2020.10.16"]
[Round "7.17"]
[White "Urh, Zala"]
[Black "Kostov, Kiril"]
[Result "1-0"]
[WhiteElo "2195"]
[BlackElo "1894"]
[PlyCount "183"]
[EventDate "2020.10.10"]
[EventType "swiss"]
[EventRounds "9"]
[EventCountry "ITA"]
[SourceTitle "CBM 198 Extra"]
[Source "ChessBase"]
[SourceDate "2020.11.30"]
[SourceVersion "1"]
[SourceVersionDate "2020.11.30"]
[SourceQuality "1"]

1. d4 d5 2. c4 e6 3. Nc3 Nf6 4. cxd5 exd5 5. Bg5 c6 6. e3 Be7 7. Bd3 Nbd7 8. Nge2 Nh5 9. Bxe7 Qxe7 10. g4 Nhf6 11. Ng3 g6 12. g5 Ng8 13. h4 h6 14. gxh6 Ndf6 15. Qe2 Rxh6 16. 0-0-0 Be6 17. Na4 Nd7 18. h5 gxh5 19. Nxh5 0-0-0 20. Nf4 Rxh1 21. Rxh1 b5 22. Bxb5 cxb5 23. Qxb5 Qd6 24. Kb1 Bf5+ 25. Ka1 Nb6 26. Rc1+ Kb7 27. Nc5+ Ka8 28. a4 Rb8 29. Na6 Bd7 30. Qc5 Qxc5 31. dxc5 Rc8 32. b3 Be6 33. Kb2 Nd7 34. b4 Nb8 35. Nxb8 Kxb8 36. b5 Nf6 37. Ka3 Ne4 38. Nd3 f6 39. Kb4 Rh8 40. c6 Nd2 41. Nf4 Rh4 42. Rd1 Ne4 43. f3 Ng5 44. Kc5 Bf7 45. a5 Nxf3 46. b6 a6 47. c7+ Kb7 48. Kd6 Ne5 49. Rc1 Rh8 50. Nxd5 Bxd5 51. Kxd5 Re8 52. e4 Kc8 53. Rf1 Nd7 54. Rc1 Ne5 55. Rh1 Nf7 56. Rh7 Re5+ 57. Kd4 Re7 58. Rg7 Kb7 59. Rg8 Nd6 60. Rb8+ Kc6 61. c8Q+ Nxc8 62. Rxc8+ Kb5 63. Rc5+ Kb4 64. Rd5 Rb7 65. Ke3 Ka4 66. Kf4 Rf7 67. Kf5 Re7 68. Rc5 Re8 69. b7 Rb8 70. Kxf6 Rxb7 71. e5 Kb4 72. Rd5 Kc4 73. Rd1 Rb2 74. e6 Kb5 75. Ra1 Rf2+ 76. Kg7 Kc6 77. Rd1 Kb5 78. e7 Re2 79. Kf7 Kxa5 80. e8Q Rxe8 81. Kxe8 Kb4 82. Kd7 a5 83. Kc6 a4 84. Rd4+ Kb3 85. Kb5 a3 86. Rd3+ Kb2 87. Kb4 a2 88. Rd2+ Kb1 89. Kb3 a1N+ 90. Kc3 Kc1 91. Rh2 Kb1 92. Rg2 1-0

[Event "Arco op 42nd"]
[Site "Arco"]
[Date "2020.10.14"]
[Round "5.18"]
[White "Astengo, Corrado"]
[Black "Kostov, Kiril"]
[Result "1-0"]
[WhiteElo "2093"]
[BlackElo "1894"]
[PlyCount "79"]
[EventDate "2020.10.10"]
[EventType "swiss"]
[EventRounds "9"]
[EventCountry "ITA"]
[SourceTitle "CBM 198 Extra"]
[Source "ChessBase"]
[SourceDate "2020.11.30"]
[SourceVersion "1"]
[SourceVersionDate "2020.11.30"]
[SourceQuality "1"]

1. e4 c5 2. Nf3 d6 3. d4 cxd4 4. Nxd4 Nf6 5. Nc3 a6 6. Bg5 Nbd7 7. Bc4 e6 8. f4 b5 9. Bb3 h6 10. Bh4 b4 11. Na4 Bb7 12. Qe2 g5 13. fxg5 Nxe4 14. Qh5 Nxg5 15. Nxe6 Qe7 16. 0-0-0 Nf6 17. Bxg5 hxg5 18. Qxh8 fxe6 19. Rhf1 Nd7 20. Qh5+ Kd8 21. Rf7 Qe8 22. Qxg5+ Kc7 23. Rdf1 d5 24. Qe3 Rc8 25. Nb6 Bh6 26. Qxh6 Kxb6 27. Qe3+ Nc5 28. Rf8 Qb5 29. h4 a5 30. a4 bxa3 31. bxa3 a4 32. Ba2 e5 33. R1f6+ Ka7 34. Rxc8 Bxc8 35. Bxd5 Bd7 36. h5 e4 37. h6 Bf5 38. Rxf5 Qb6 39. Rf7+ Kb8 40. Rb7+ 1-0

[Event "EU Union-ch U14"]
[Site "Kouty nad Desnou"]
[Date "2020.08.19"]
[Round "6"]
[White "Kostov, Kiril"]
[Black "Lang, Simon"]
[Result "0-1"]
[WhiteElo "1815"]
[BlackElo "1735"]
[PlyCount "44"]
[EventDate "2020.08.14"]
[EventType "swiss"]
[EventRounds "9"]
[EventCountry "CZE"]
[SourceTitle "EXT 2021"]
[Source "ChessBase"]
[SourceDate "2020.10.23"]
[SourceVersion "1"]
[SourceVersionDate "2020.10.23"]
[SourceQuality "1"]

1. e4 e6 2. Nc3 d5 3. Nf3 Nf6 4. e5 Ne4 5. Qe2 Nxc3 6. dxc3 c5 7. h4 h6 8. Bd2 Nc6 9. h5 Bd7 10. Nh4 Be7 11. g3 Qc7 12. f4 0-0-0 13. 0-0-0 c4 14. Nf3 Qa5 15. Kb1 Kb8 16. Nd4 Ka8 17. Bg2 Rc8 18. Rdf1 Nxd4 19. cxd4 c3 20. Bxc3 Rxc3 21. bxc3 Ba3 22. Qe3 Qb6+ 0-1

[Event "Arco op 41st"]
[Site "Arco"]
[Date "2019.10.12"]
[Round "9"]
[White "Welling, Gerard J"]
[Black "Kostov, Kiril"]
[Result "1-0"]
[WhiteElo "2301"]
[BlackElo "1731"]
[PlyCount "47"]
[EventDate "2019.10.04"]
[EventType "swiss"]
[EventRounds "9"]
[EventCountry "ITA"]
[SourceTitle "EXT 2020"]
[Source "ChessBase"]
[SourceDate "2019.10.17"]
[SourceVersion "1"]
[SourceVersionDate "2019.10.17"]
[SourceQuality "1"]

1. d4 d5 2. Nf3 Nf6 3. e3 e6 4. Bd3 c5 5. c3 Nbd7 6. Nbd2 b6 7. 0-0 Bb7 8. Ne5 Nxe5 9. dxe5 Nd7 10. f4 Be7 11. e4 Qc7 12. exd5 exd5 13. Qg4 g6 14. Nf3 0-0-0 15. f5 gxf5 16. Qxf5 Rdf8 17. Bh6 Re8 18. Qxf7 Nxe5 19. Nxe5 Qxe5 20. Rae1 Qd6 21. Bf5+ Kd8 22. Re6 Qd7 23. Rxe7 Qxe7 24. Bg5 1-0

[Event "Arco op 41st"]
[Site "Arco"]
[Date "2019.10.05"]
[Round "2"]
[White "Kostov, Kiril"]
[Black "Cardilli, Mariano"]
[Result "1/2-1/2"]
[WhiteElo "1731"]
[BlackElo "2078"]
[PlyCount "67"]
[EventDate "2019.10.04"]
[EventType "swiss"]
[EventRounds "9"]
[EventCountry "ITA"]
[SourceTitle "EXT 2020"]
[Source "ChessBase"]
[SourceDate "2019.10.17"]
[SourceVersion "1"]
[SourceVersionDate "2019.10.17"]
[SourceQuality "1"]

1. e4 c6 2. d4 d5 3. Nc3 dxe4 4. Nxe4 Bf5 5. Ng3 Bg6 6. h4 h6 7. h5 Bh7 8. Nf3 Nd7 9. Bd3 Bxd3 10. Qxd3 e6 11. Bd2 Ngf6 12. 0-0-0 Be7 13. Kb1 0-0 14. Ne4 Nxe4 15. Qxe4 Nf6 16. Qe2 Qd5 17. Be3 a5 18. Ne5 Rad8 19. f3 Nd7 20. f4 Nxe5 21. fxe5 f5 22. Rhf1 Bg5 23. Bxg5 hxg5 24. g3 Qd7 25. c3 Rf7 26. g4 Rdf8 27. gxf5 Rxf5 28. Rxf5 Rxf5 29. Rg1 Qd5 30. Qe3 Qd8 31. Qe4 Qd5 32. Qe3 Qd8 33. Qe4 Qd5 34. Qe3 1/2-1/2

[Event "EU Union-ch U12"]
[Site "Kouty nad Desnou"]
[Date "2019.08.24"]
[Round "9"]
[White "Zelbova, Lada"]
[Black "Kostov, Kiril"]
[Result "0-1"]
[WhiteElo "1491"]
[BlackElo "1678"]
[PlyCount "82"]
[EventDate "2019.08.16"]
[EventType "swiss"]
[EventRounds "9"]
[EventCountry "CZE"]
[SourceTitle "EXT 2020"]
[Source "ChessBase"]
[SourceDate "2019.10.17"]
[SourceVersion "1"]
[SourceVersionDate "2019.10.17"]
[SourceQuality "1"]

1. d4 d5 2. Bf4 e6 3. e3 Nf6 4. Nf3 c5 5. c3 Be7 6. Ne5 Nbd7 7. Nd2 Nxe5 8. dxe5 Nd7 9. h4 b6 10. Qg4 g6 11. Bd3 Bb7 12. Nf3 Qc7 13. 0-0-0 0-0-0 14. Kb1 a5 15. h5 c4 16. Bc2 b5 17. hxg6 hxg6 18. Ng5 Bxg5 19. Bxg5 Rde8 20. f4 b4 21. cxb4 axb4 22. Qe2 Nc5 23. Bf6 Rhf8 24. b3 Ba6 25. bxc4 Bxc4 26. Qd2 Qa5 27. Bb3 Nxb3 28. axb3 Bxb3 29. Rde1 Kd7 30. Qb2 Bc4 31. Reg1 Rc8 32. Qa1 Bd3+ 33. Kb2 Rc2+ 34. Kb3 Qb5 35. Qa7+ Rc7 36. Qd4 Rfc8 37. Rh7 Rc3+ 38. Kb2 Rc2+ 39. Kb1 Rd2+ 40. Qxd3 Qxd3+ 41. Ka1 Ra8# 0-1

[Event "EU Union-ch U12"]
[Site "Kouty nad Desnou"]
[Date "2019.08.21"]
[Round "6"]
[White "Kostov, Kiril"]
[Black "Arshinkova, Boryana"]
[Result "1-0"]
[WhiteElo "1678"]
[BlackElo "1383"]
[PlyCount "89"]
[EventDate "2019.08.16"]
[EventType "swiss"]
[EventRounds "9"]
[EventCountry "CZE"]
[SourceTitle "EXT 2020"]
[Source "ChessBase"]
[SourceDate "2019.10.17"]
[SourceVersion "1"]
[SourceVersionDate "2019.10.17"]
[SourceQuality "1"]

1. e4 c5 2. Nf3 Nc6 3. c3 d5 4. exd5 Qxd5 5. d4 cxd4 6. cxd4 g6 7. Nc3 Qd8 8. d5 Nb4 9. Qa4+ Bd7 10. Qxb4 b6 11. Bb5 Bg7 12. 0-0 Nf6 13. Re1 a5 14. Bxd7+ Nxd7 15. Qe4 Nc5 16. Qe2 Bf6 17. Bg5 0-0 18. Bxf6 exf6 19. Rad1 Re8 20. Qxe8+ Qxe8 21. Rxe8+ Rxe8 22. Kf1 Kf8 23. a3 Re7 24. Nd4 Rd7 25. b4 axb4 26. axb4 Nb7 27. Ndb5 Ke7 28. Ne4 f5 29. Nec3 h5 30. Na4 Nd6 31. Nxd6 Rxd6 32. b5 h4 33. Nb2 g5 34. Nc4 Rd8 35. d6+ Ke6 36. d7 Rxd7 37. Rxd7 Kxd7 38. Nxb6+ Kc7 39. Nc4 g4 40. g3 hxg3 41. hxg3 f6 42. Ke2 Kd7 43. Ke3 f4+ 44. Kxf4 f5 45. Kxf5 1-0

[Event "EU Union-ch U12"]
[Site "Kouty nad Desnou"]
[Date "2019.08.17"]
[Round "2"]
[White "Kostov, Kiril"]
[Black "Kanov, Nikola"]
[Result "1/2-1/2"]
[WhiteElo "1678"]
[BlackElo "2102"]
[PlyCount "113"]
[EventDate "2019.08.16"]
[EventType "swiss"]
[EventRounds "9"]
[EventCountry "CZE"]
[SourceTitle "EXT 2020"]
[Source "ChessBase"]
[SourceDate "2019.10.17"]
[SourceVersion "1"]
[SourceVersionDate "2019.10.17"]
[SourceQuality "1"]

1. e4 e6 2. Nc3 d5 3. Nf3 Nf6 4. e5 Nfd7 5. d4 c5 6. dxc5 Nc6 7. Bf4 Bxc5 8. Bd3 f6 9. exf6 Nxf6 10. 0-0 0-0 11. Bg3 Nh5 12. Bh4 Qe8 13. Re1 Nf4 14. Bg3 Qh5 15. Be2 Bd7 16. Qd2 Nxe2+ 17. Nxe2 Rae8 18. Rad1 Bb6 19. a3 Bc8 20. Nf4 Qf5 21. Nd3 h6 22. Nde5 Nxe5 23. Rxe5 Qg4 24. Re2 Qh5 25. Rde1 Bd7 26. Ne5 Bb5 27. Nd3 Bxd3 28. Qxd3 Rf6 29. Qb5 Ref8 30. c4 Qf7 31. c5 Bd8 32. f3 a6 33. Qd3 Bc7 34. Be5 Bxe5 35. Rxe5 Rc8 36. b4 Qd7 37. Qe3 Kf7 38. Qd4 Ra8 39. Qg4 g6 40. Rd1 Qa4 41. Rd3 a5 42. Rde3 Ra6 43. Qh4 h5 44. h3 axb4 45. Qxb4 Qxb4 46. axb4 Ra4 47. Rb3 Rf4 48. Rbe3 Raxb4 49. Rxe6 Rfc4 50. Re7+ Kf6 51. R7e6+ Kg7 52. Re7+ Kh6 53. Rc7 Rb5 54. Ree7 Rcxc5 55. Rxb7 Rxb7 56. Rxb7 Rc2 57. h4 1/2-1/2

[Event "EU Union-ch U12"]
[Site "Kouty nad Desnou"]
[Date "2019.08.16"]
[Round "1"]
[White "Barteckova, Denisa"]
[Black "Kostov, Kiril"]
[Result "0-1"]
[WhiteElo "1240"]
[BlackElo "1678"]
[PlyCount "134"]
[EventDate "2019.08.16"]
[EventType "swiss"]
[EventRounds "9"]
[EventCountry "CZE"]
[SourceTitle "EXT 2020"]
[Source "ChessBase"]
[SourceDate "2019.10.17"]
[SourceVersion "1"]
[SourceVersionDate "2019.10.17"]
[SourceQuality "1"]

1. e4 c5 2. Nf3 d6 3. d4 cxd4 4. Nxd4 Nf6 5. Nc3 a6 6. f3 e6 7. Be3 b5 8. a3 Be7 9. Qd2 Bb7 10. 0-0-0 Nbd7 11. g4 Nb6 12. h4 Rc8 13. h5 Nfd7 14. Qf2 Nc4 15. Bxc4 Rxc4 16. Nb3 h6 17. Rd4 Bf6 18. Rxc4 bxc4 19. Nd4 0-0 20. Rg1 Nc5 21. Qd2 Kh7 22. g5 hxg5 23. Bxg5 Bxg5 24. Rxg5 Qf6 25. Rg1 Nd3+ 26. cxd3 Qxd4 27. Rd1 cxd3 28. Qxd3 Qxd3 29. Rxd3 Rd8 30. Ne2 Kh6 31. Ng3 Rc8+ 32. Kd2 d5 33. b3 Kg5 34. exd5 Bxd5 35. Ne2 Bc6 36. Ng3 f5 37. Ne2 e5 38. Rd6 Kxh5 39. Ke3 f4+ 40. Kf2 Kg5 41. Re6 Kf5 42. Rd6 g5 43. Rd1 Rh8 44. Rd3 Bb5 45. Rd6 Rh2+ 46. Kg1 Rxe2 47. a4 Be8 48. Rxa6 Rb2 49. Rb6 Bxa4 50. Rb4 Bxb3 51. Rb5 Rb1+ 52. Kg2 Bc2 53. Rc5 Rb2 54. Kg1 Bd1 55. Rc3 Rb3 56. Rc1 Bxf3 57. Kf2 g4 58. Re1 g3+ 59. Kg1 Rd3 60. Kf1 Rd1 61. Rxd1 Bxd1 62. Ke1 f3 63. Kf1 f2 64. Kg2 Be2 65. Kxg3 f1Q 66. Kh4 Qf4+ 67. Kh3 Bf1# 0-1

[Event "EU-ch Amateur U1700"]
[Site "Rhodes"]
[Date "2019.04.12"]
[Round "7.2"]
[White "Kostov, Kiril"]
[Black "Stathatos, Alexandros"]
[Result "1-0"]
[WhiteElo "1625"]
[BlackElo "1184"]
[PlyCount "89"]
[EventDate "2019.04.06"]
[EventType "swiss"]
[EventRounds "9"]
[EventCountry "GRE"]
[SourceTitle "EXT 2024"]
[Source "ChessBase"]
[SourceDate "2023.10.10"]
[SourceVersion "1"]
[SourceVersionDate "2023.10.10"]
[SourceQuality "1"]

1. e4 e5 2. Nf3 Nc6 3. d4 exd4 4. Nxd4 Nf6 5. Nxc6 bxc6 6. Bd3 Bc5 7. 0-0 0-0 8. Bg5 Re8 9. Nc3 Bb7 10. Re1 Be7 11. e5 Nd5 12. Bxe7 Qxe7 13. Qh5 h6 14. Qf5 g6 15. Nxd5 cxd5 16. Qh3 Kh7 17. f4 d6 18. e6 Bc8 19. f5 Qf6 20. exf7 Rxe1+ 21. Rxe1 Bxf5 22. Bxf5 gxf5 23. Rf1 f4 24. Qd3+ Kg7 25. Qxd5 Rf8 26. g3 Qxb2 27. Rxf4 Qc1+ 28. Rf1 Qxc2 29. Qd4+ Kh7 30. Qxa7 Qc4 31. Qf2 Qe6 32. Qc2+ Kg7 33. Qb2+ Kh7 34. Qc2+ Kg7 35. Qb2+ Kh7 36. Qf2 Kg7 37. a4 c5 38. a5 Qe7 39. Qb2+ Kh7 40. a6 c4 41. Qc2+ Kg7 42. Qxc4 Qa7+ 43. Rf2 Rb8 44. Qg4+ Kh7 45. Qd1 1-0

[Event "Arco op 40th"]
[Site "Arco"]
[Date "2018.10.19"]
[Round "7"]
[White "Calcari, Manuel"]
[Black "Kostov, Kiril"]
[Result "0-1"]
[WhiteElo "1739"]
[BlackElo "1576"]
[PlyCount "84"]
[EventDate "2018.10.13"]
[EventType "swiss"]
[EventRounds "9"]
[EventCountry "ITA"]
[SourceTitle "CBM 186 Extra"]
[Source "ChessBase"]
[SourceDate "2018.08.24"]
[SourceVersion "1"]
[SourceVersionDate "2018.08.24"]
[SourceQuality "1"]

1. e4 c5 2. Nf3 d6 3. Bc4 e6 4. c3 Nf6 5. d3 a6 6. Bg5 Be7 7. 0-0 0-0 8. Re1 b5 9. Bb3 Bb7 10. Nbd2 Nc6 11. Bc2 Qc7 12. Rc1 Rac8 13. Bb1 Qb6 14. h3 Rfe8 15. Be3 Qd8 16. d4 cxd4 17. cxd4 d5 18. e5 Nd7 19. Nh2 Nf8 20. f4 Bb4 21. a3 Ba5 22. b4 Bb6 23. Nb3 a5 24. Nc5 Ba8 25. Qd3 axb4 26. axb4 Nxb4 27. Qb3 Ba5 28. Re2 Rb8 29. f5 Nc6 30. f6 gxf6 31. exf6 Ng6 32. Ng4 Rf8 33. Bh6 Nxd4 34. Bg7 Nxe2+ 35. Kf2 h5 36. Nh6+ Kh7 37. Qf3 Qd6 38. Kxe2 Qe5+ 39. Kf2 Qb2+ 40. Bc2 Qxc1 41. Qe2 Be1+ 42. Kf3 Qf4# 0-1

[Event "EU Union-ch U12"]
[Site "Kouty nad Desnou"]
[Date "2018.08.15"]
[Round "9"]
[White "Janous, Marek"]
[Black "Kostov, Kiril"]
[Result "0-1"]
[WhiteElo "1505"]
[BlackElo "1500"]
[PlyCount "98"]
[EventDate "2018.08.07"]
[EventType "swiss"]
[EventRounds "9"]
[EventCountry "CZE"]
[SourceTitle "CBM 186 Extra"]
[Source "ChessBase"]
[SourceDate "2018.08.24"]
[SourceVersion "1"]
[SourceVersionDate "2018.08.24"]
[SourceQuality "1"]

1. e4 c5 2. Nf3 d6 3. d4 cxd4 4. Nxd4 Nf6 5. Nc3 a6 6. Bg5 e6 7. f4 Be7 8. Qf3 0-0 9. 0-0-0 Qc7 10. g4 Nbd7 11. Kb1 b5 12. Bxf6 Nxf6 13. g5 Nd7 14. h4 Bb7 15. Bd3 Nc5 16. f5 b4 17. Nce2 e5 18. Nb3 Nxd3 19. Qxd3 f6 20. gxf6 Rxf6 21. h5 h6 22. Rhg1 a5 23. Rg6 Rxg6 24. hxg6 a4 25. Nbc1 Rc8 26. c3 Qc4 27. Qxc4+ Rxc4 28. Ng3 Bxe4+ 29. Nxe4 Rxe4 30. cxb4 Rxb4 31. Ne2 e4 32. a3 Rc4 33. Nc3 e3 34. Nd5 Bg5 35. Re1 Re4 36. Rc1 Re8 37. Re1 Re5 38. Rc1 Rxf5 39. Rc8+ Rf8 40. Rxf8+ Kxf8 41. Nc3 h5 42. Kc2 h4 43. Kd3 d5 44. Ne2 Ke7 45. Ng1 Bf6 46. Kxe3 Bxb2 47. Kd3 Bxa3 48. Kd4 Bc5+ 49. Kxc5 a3 0-1

[Event "EU Union-ch U12"]
[Site "Kouty nad Desnou"]
[Date "2018.08.09"]
[Round "3"]
[White "Vilimek, Vit"]
[Black "Kostov, Kiril"]
[Result "0-1"]
[WhiteElo "1560"]
[BlackElo "1500"]
[PlyCount "133"]
[EventDate "2018.08.07"]
[EventType "swiss"]
[EventRounds "9"]
[EventCountry "CZE"]
[SourceTitle "CBM 186 Extra"]
[Source "ChessBase"]
[SourceDate "2018.08.24"]
[SourceVersion "1"]
[SourceVersionDate "2018.08.24"]
[SourceQuality "1"]

1. e4 c5 2. Nf3 d6 3. d4 cxd4 4. Nxd4 Nf6 5. Nc3 a6 6. Be3 e6 7. f3 Be7 8. Bc4 b5 9. Bb3 Bb7 10. Bxe6 fxe6 11. Nxe6 Qd7 12. Nxg7+ Kf7 13. Nf5 Bf8 14. Qd3 Nc6 15. f4 Nb4 16. Qe2 Bxe4 17. Nxe4 Qxf5 18. Ng5+ Kg8 19. 0-0 Nxc2 20. Rac1 Nxe3 21. Qxe3 Rc8 22. Qb3+ d5 23. Rxc8 Qxc8 24. Ne4 Kg7 25. Qg3+ Ng4 26. Nf2 Bc5 27. h3 Bxf2+ 28. Rxf2 Qc1+ 29. Rf1 Qe3+ 30. Qxe3 Nxe3 31. Rc1 Rf8 32. g3 d4 33. Kf2 Rf7 34. Ke2 Rd7 35. Kd3 b4 36. Rc6 a5 37. Rc5 a4 38. Ra5 Nd1 39. Kc2 Nc3 40. bxc3 d3+ 41. Kd1 bxc3 42. Rc5 c2+ 43. Kd2 Kf6 44. Rc4 h5 45. g4 hxg4 46. hxg4 Rd6 47. Rc5 Kg6 48. Rg5+ Kf6 49. Rh5 Kg7 50. Rc5 Kf6 51. a3 Kg6 52. Rc4 Kf6 53. Rc8 Kg6 54. f5+ Kg5 55. Rc4 Kf6 56. Rc8 Kg5 57. Rg8+ Kf6 58. Rh8 Kg7 59. Rh1 Rc6 60. Rg1 Kf6 61. Rh1 Kg5 62. Rf1 Kf6 63. Rc1 Rd6 64. Re1 Rc6 65. Rg1 Kg5 66. Rf1 Kf6 67. Rb1 0-1